Historia de una madre y de sus hijos / (Record no. 166770)

MARC details
000 -LEADER
campo de control de longitud fija 00616nam a2200169 i 4500
001 - NÚMERO DE CONTROL
campo de control 166770
003 - IDENTIFICADOR DE NÚMERO DE CONTROL
campo de control ES-MaACL
005 - FECHA Y HORA DE LA ÚLTIMA TRANSACCIÓN
campo de control 20250807210536.0
008 - DATOS DE LONGITUD FIJA--INFORMACIÓN GENERAL
campo de control de longitud fija 050922s1862 sp | |||||||| ||spa d
100 1# - ENTRADA PRINCIPAL--NOMBRE DE PERSONA
Nombre de persona Ulbach, Louis,
Fechas asociadas al nombre 1822-1889
9 (RLIN) 133445
245 10 - MENCIÓN DEL TÍTULO
Título Historia de una madre y de sus hijos /
Mención de responsabilidad, etc. por Luis Ulbach.
260 ## - PUBLICACIÓN, DISTRIBUCIÓN, ETC.
Lugar de publicación, distribución, etc. Madrid :
Nombre del editor, distribuidor, etc. [s.n.],
Fecha de publicación, distribución, etc. 1862 (
Lugar de fabricación/manufactura Imp. de La Correspondencia de España)
300 ## - DESCRIPCIÓN FÍSICA
Extensión 168 p. ;
Dimensiones 16 cm.
650 #4 - PUNTO DE ACCESO ADICIONAL DE MATERIA--TÉRMINO DE MATERIA
Término de materia o nombre geográfico como elemento de entrada Mujeres-
Subdivisión general Educación
9 (RLIN) 12094
852 ## - LOCALIZACIÓN
Ubicación ES-MaACL
Número de control de estantería T-455-F-2
Nota libre - Enc. hol., falto de la enc. original
-- - Enc. en un vol. facticio
Holdings
Estatus retirado Estado de pérdida Estado de daño No para préstamo Colección Biblioteca de origen Biblioteca actual Ubicación en estantería Fecha de adquisición Total de préstamos Signatura topográfica completa Código de barras Visto por última vez Precio de reemplazo Tipo de ítem Koha
        Colección de folletos Biblioteca del Ateneo de Madrid Biblioteca del Ateneo de Madrid Depósito folletos 17/01/2008   T-455-F-2 1174907 23/02/2023 23/02/2023 Folleto